000 00566nam a2200205Ia 4500
005 20250326140959.0
008 250326s9999 xx 000 0 und d
020 _a81-224-1182-7
037 _aTextbook
040 _aFMSL
_beng
_cFMSL
041 _aeng
_2eng
084 _aX:625 N8
_qFMSL
100 _aMachiraju H R
245 0 _aMerchant banking: principles and practice
_cMachiraju H R
250 _a2
260 _aNew Delhi
_bNew Delhi, New Age International
_c1998
300 _a465p
942 _cTB
_hX:625 N8
999 _c1288140
_d1288140